<?xml version="1.0" encoding="UTF-8"?>
<record
    xmlns:xsi="http://www.w3.org/2001/XMLSchema-instance"
    xsi:schemaLocation="http://www.loc.gov/MARC21/slim http://www.loc.gov/standards/marcxml/schema/MARC21slim.xsd"
    xmlns="http://www.loc.gov/MARC21/slim">

  <leader>01071na  a2200253   4500</leader>
  <controlfield tag="001">18388</controlfield>
  <controlfield tag="003">MIRAKIL</controlfield>
  <controlfield tag="005">20181213155018.0</controlfield>
  <controlfield tag="008">161117b        tu            000 0      </controlfield>
  <datafield tag="035" ind1=" " ind2=" ">
    <subfield code="a">18388</subfield>
  </datafield>
  <datafield tag="040" ind1=" " ind2=" ">
    <subfield code="a">Milas</subfield>
    <subfield code="b">tur</subfield>
    <subfield code="c">TR-AnCHP</subfield>
  </datafield>
  <datafield tag="041" ind1=" " ind2=" ">
    <subfield code="a">tur</subfield>
  </datafield>
  <datafield tag="082" ind1=" " ind2=" ">
    <subfield code="a">344.01026</subfield>
    <subfield code="b">B55 1975</subfield>
  </datafield>
  <datafield tag="090" ind1=" " ind2=" ">
    <subfield code="a">344.01026 B55 1975</subfield>
  </datafield>
  <datafield tag="111" ind1=" " ind2=" ">
    <subfield code="a">1927 Say&#x131;l&#x131; Kanun ile K&#x131;dem Tazminat&#x131; Y&#xF6;n&#xFC;nden Getirilen Yenilikler ve Do&#x11F;urdu&#x11F;u Sorunlar Semineri</subfield>
    <subfield code="c">Eski&#x15F;ehir</subfield>
    <subfield code="d">1975</subfield>
  </datafield>
  <datafield tag="245" ind1=" " ind2=" ">
    <subfield code="a">1927 Say&#x131;l&#x131; kanun ile k&#x131;dem tazminat&#x131; y&#xF6;n&#xFC;nden getirilen yenilikler ve do&#x11F;urdu&#x11F;u sorunlar </subfield>
    <subfield code="c">Eski&#x15F;ehir &#x130;ktisadi ve Ticari &#x130;limler Akademisi</subfield>
  </datafield>
  <datafield tag="260" ind1=" " ind2=" ">
    <subfield code="a">Eski&#x15F;ehir</subfield>
    <subfield code="b">Eski&#x15F;ehir &#x130;ktisadi ve Ticari &#x130;limler Akademisi</subfield>
    <subfield code="c">1976</subfield>
  </datafield>
  <datafield tag="300" ind1=" " ind2=" ">
    <subfield code="a">133 s.</subfield>
    <subfield code="c">23 sm.</subfield>
  </datafield>
  <datafield tag="490" ind1=" " ind2=" ">
    <subfield code="a">&#x130;&#x15F; Hukuku ve Sosyal G&#xFC;venlik Hukuku T&#xFC;rk Milli Komitesi Yay&#x131;n&#x131;</subfield>
    <subfield code="v">1</subfield>
  </datafield>
  <datafield tag="490" ind1=" " ind2=" ">
    <subfield code="a">Eski&#x15F;ehir &#x130;ktisadi ve Ticari &#x130;limler Akademisi Yay&#x131;nlar&#x131;</subfield>
    <subfield code="v">152/94</subfield>
  </datafield>
  <datafield tag="650" ind1=" " ind2=" ">
    <subfield code="a">&#x130;&#x15F; hukuku</subfield>
    <subfield code="x">K&#x131;dem tazminat&#x131;</subfield>
    <subfield code="y">Toplant&#x131;lar</subfield>
  </datafield>
  <datafield tag="710" ind1=" " ind2=" ">
    <subfield code="a">Eski&#x15F;ehir &#x130;ktisadi ve Ticari &#x130;limler Akademisi</subfield>
  </datafield>
  <datafield tag="942" ind1=" " ind2=" ">
    <subfield code="2">ddc</subfield>
    <subfield code="c">BKS</subfield>
  </datafield>
  <datafield tag="952" ind1=" " ind2=" ">
    <subfield code="a">0001</subfield>
    <subfield code="b">0001</subfield>
    <subfield code="d">2016-11-17</subfield>
    <subfield code="e">2</subfield>
    <subfield code="l">0</subfield>
    <subfield code="o">344.01026 B55 1975</subfield>
    <subfield code="p">008750</subfield>
    <subfield code="r">2016-11-17 00:00:00</subfield>
    <subfield code="v">0.00</subfield>
    <subfield code="w">2016-11-17</subfield>
    <subfield code="y">BKS</subfield>
  </datafield>
  <datafield tag="999" ind1=" " ind2=" ">
    <subfield code="c">4788</subfield>
    <subfield code="d">4788</subfield>
  </datafield>
</record>
